Soccer Players by Letter - R - Statistics

General Stats
  • This quiz has been taken 494 times
  • The average score is 10 of 12
Answer Stats
Picture Answer % Correct
Cristiano Ronaldo
100%
Ronaldinho
99%
Ronaldo
99%
Wayne Rooney
97%
Sergio Ramos
94%
Franck Ribéry
92%
Arjen Robben
91%
James Rodríguez
84%
Rivaldo
80%
Frank Rijkaard
70%
Raúl
67%
Romário
51%
No matching quizzes found
Score Distribution
Percent of People with Each Score
Percentile by Number Answered
Your Score History
You have not taken this quiz